| 000 | 00831nam a2200241 a 4500 | ||
|---|---|---|---|
| 001 | 66603 | ||
| 003 | BD-RjUL | ||
| 005 | 20211209081547.0 | ||
| 008 | 820603s1982 dcua b 000 0 eng | ||
| 020 |
_a0891640703 (pbk.) : _c$13.50 |
||
| 035 | _a(BD-RjUL)66733 | ||
| 040 |
_aDLC _cDLC _dDLC _dBD-RjUL _beng |
||
| 041 | _aeng | ||
| 082 | 0 | 0 |
_223 _a363.700973 _bSTA 1982 |
| 245 | 1 | 0 |
_aState of the environment 1982 : _ba report from the Conservation Foundation / _cConservation Foundation |
| 260 |
_aWashington, D.C. : _bThe Foundation, _cc1982. |
||
| 300 |
_axvi, 439 p. : _bill. ; _c23 cm. |
||
| 504 | _aIncludes bibliographical references. | ||
| 650 | 0 |
_aEnvironmental policy _zUnited States. _9197167 |
|
| 650 | 0 |
_aEnvironmental protection _zUnited States. _9170267 |
|
| 710 | 2 |
_aConservation Foundation. _9197168 |
|
| 942 |
_2ddc _cBK |
||
| 999 |
_c66603 _d66603 |
||